000 00302nam a2200109Ia 4500
008 200302s9999 xx 000 0 und d
100 _aMercedes Daguerre
245 _aTwenty Houses by twenty architects Adria/Broid/Rojkind,Tadao Ando
260 _bpall Mall Press Ltd/.,
260 _c2012
300 _a237
999 _c3407
_d3407